000 02679nam0a2200421 4500
001 RU\NLR\BIBL_A\022575107
005 20260420050149.0
010 _a978-5-6051774-3-2
_9500
021 _aRU
_bКН-П-25-025307
_9КН-П-25-2520
035 _a(NLR Aleph) 022575107
090 _a13676273
_c13676273
100 _a20250627d2024 k y0rusy50 ca
101 0 _arus
102 _aRU
105 _aac z 000yy
181 0 _ai3
_baxxe
182 0 _an
200 1 _aВнешняя политика и дипломатия России: история и современность
_eмонография
_fАгеев А. И., д.э.н., проф., Ананьин М. А., Герасимов В. И., к. филолог. н. [и др.]
_gпод редакцией профессора О. Н. Слоботчикова, профессора Л. С. Рубан
_gУниверситет мировых цивилизаций имени В. В. Жириновского, Международный проект "Диалоговое партнёрство как фактор стабильности и интеграции" ("Мост между Западом и Востоком")
203 _aТекст
_bвизуальный
_cнепосредственный
210 _aМосква
_cУМЦ
_d2024
215 _a392, [2] с.
_cил., портр.
_d20
225 1 _aБиблиотека научных школ АНО ВО "УМЦ"
320 _aБиблиогр. в конце ст.
607 _aСССР
_xВнешняя политика
_91153819
_3RU\NLR\AUTH\66460828
607 _aРоссийская Федерация
_xВнешняя политика
_92081146
_3RU\NLR\AUTH\661257112
686 1 _aТ3(2)7-6
686 1 _aТ3(2)74-6
701 1 _7ca
_8rus
_aАгеев
_bА. И.
_f1962-
_gАлександр Иванович
_933127
_3RU\NLR\AUTH\7750192
701 1 _aАнаньин
_bМ. А.
_gМаксим Алексеевич
701 1 _aГерасимов
_bВ. И.
_gВладимир Иванович
702 1 _4340
_7ca
_8rus
_aСлоботчиков
_bО. Н.
_f1963-
_gОлег Николаевич
_9193156
_3RU\NLR\AUTH\770193207
712 0 2 _4475
_aУниверситет мировых цивилизаций им. В. В. Жириновского
_cМосква
_9842059
_3RU\NLR\AUTH\880588106
712 0 2 _4570
_a"Диалоговое партнерство как фактор стабильности и интеграции", международный проект
_9277251
_3RU\NLR\AUTH\8810193800
942 _cBOOK
980 _aNB